[Event "Let's Play Chess!"]
[Site "http://www.queenalice.com/game.php?id=1289687"]
[Date "2014.6.21"]
[Round "-"]
[White "igorjava"]
[Black "Gabrielleao"]
[Result "0-1"]
[WhiteElo "1904"]
[BlackElo "1232"]

1. e4 e5 2. f4 exf4 3. Nf3 Be7 4. Bc4 Bh4+ 5. Kf1 Be7 6. d4 c6 7. Bxf4 d5 8.
exd5 cxd5 9. Bb3 Nc6 10. Kf2 Nf6 11. Re1 O-O 12. a3 b6 13. Nc3 Bg4 14. h3 Bxf3
15. Kxf3 Nh5 16. Nxd5 Bd6 17. Qd2 Bxf4 18. Nxf4 Nxd4+ 19. Kg4 Nf6+ 0-1

[Event "Let's Play Chess!"]
[Site "http://www.queenalice.com/game.php?id=1290770"]
[Date "2014.6.27"]
[Round "-"]
[White "Nimzou"]
[Black "Gabrielleao"]
[Result "0-1"]
[WhiteElo "1227"]
[BlackElo "1100"]

1. c3 e5 2. d3 d5 3. Nd2 f5 4. Ngf3 e4 5. Ng1 Bd6 6. dxe4 fxe4 7. f3 e3 8. Nb3
Qh4+ 9. g3 Bxg3+ 10. hxg3 Qxg3# 0-1

[Event "Let's Play!"]
[Site "http://www.queenalice.com/game.php?id=1291875"]
[Date "2014.7.2"]
[Round "-"]
[White "Gabrielleao"]
[Black "digger"]
[Result "1-0"]
[WhiteElo "1416"]
[BlackElo "1595"]

1. d4 d5 2. c4 c6 3. Nf3 Nf6 4. Nc3 dxc4 5. a4 Bg4 6. h3 Bxf3 7. exf3 b5 8. axb5
Qb6 9. bxc6 Qxc6 10. d5 Qc5 11. Qa4+ Nbd7 12. Bxc4 e6 13. Be3 Qd6 14. dxe6 fxe6
15. O-O Qb8 16. Bxe6 Qd6 17. Bb3 a6 18. Rfe1 Be7 19. Rad1 Qc7 20. Bg5 Kf8 21.
Rxd7 Nxd7 22. Bxe7+ Ke8 23. Bd6+ Kd8 24. Bxc7+ Kxc7 25. Re7 Rhd8 26. Bd5 Ra7 27.
Qc6+ Kb8 28. Rxd7 Rdxd7 29. Be6 Rdc7 30. Qe8+ Kb7 31. Bd5+ Kb6 32. Qe6+ Ka5 33.
Bc6 g5 34. Qd5+ Kb6 35. Na4# 1-0

[Event "Let's Play Chess!"]
[Site "http://www.queenalice.com/game.php?id=1291934"]
[Date "2014.7.2"]
[Round "-"]
[White "carlosufpe"]
[Black "Gabrielleao"]
[Result "0-1"]
[WhiteElo "1679"]
[BlackElo "1232"]

1. d4 d5 2. e3 c5 3. dxc5 e5 4. Bb5+ Nc6 5. Nc3 Nf6 6. Nf3 Bg4 7. Be2 Bxc5 8.
Ng1 h5 9. Bxg4 hxg4 10. g3 d4 11. exd4 exd4 12. Qe2+ Kd7 13. Ne4 Nxe4 14. Qxg4+
Kc7 15. Ne2 Nf6 16. Bf4+ Kb6 17. O-O Nxg4 0-1

[Event "Let's Play Chess!"]
[Site "http://www.queenalice.com/game.php?id=1292445"]
[Date "2014.7.6"]
[Round "-"]
[White "Nimzou"]
[Black "Gabrielleao"]
[Result "0-1"]
[WhiteElo "1287"]
[BlackElo "1382"]

1. Nf3 d5 2. d3 c5 3. Nbd2 f6 4. g3 e5 5. Bg2 Nc6 6. a3 Be6 7. e3 Bd6 8. b3 Nge7
9. Qe2 d4 10. e4 Ng6 11. O-O O-O 12. a4 f5 13. Bb2 f4 14. c4 Qd7 15. gxf4 Nxf4
16. Qd1 Nxd3 17. Ba3 Nf4 18. Re1 Bh3 19. Bxh3 Qxh3 20. Nf1 Qg2# 0-1

[Event "Fair Play 32"]
[Site "http://www.queenalice.com/game.php?id=1292879"]
[Date "2014.7.6"]
[Round "-"]
[White "Gabrielleao"]
[Black "Franzel"]
[Result "1/2-1/2"]
[WhiteElo "1232"]
[BlackElo "1620"]

1. d4 Nf6 2. c4 e5 3. dxe5 Ng4 4. Nf3 Nc6 5. e6 dxe6 6. Bd2 Bc5 7. e3 O-O 8. Be2
Nf6 9. O-O e5 10. a3 e4 11. Ne1 Be6 12. b4 Be7 13. Nc3 Ne5 14. c5 a5 15. Qc2
axb4 16. Nb5 bxa3 17. Bc3 Nd3 18. Nxd3 exd3 19. Bxd3 Bxc5 20. Bxf6 gxf6 21.
Bxh7+ Kg7 22. Be4 Qe7 23. Nd4 Bxd4 24. exd4 c6 25. Qd3 Rg8 26. f4 f5 27. Bf3 Ra4
28. Rfe1 Qd6 29. Red1 a2 30. d5 cxd5 31. Bxd5 Bxd5 32. Qxd5 Qxd5 33. Rxd5 Rb8
34. Rb5 Rc8 35. Rb2 b5 36. Rbxa2 Rxf4 37. Rb2 b4 38. Rab1 Rcc4 39. Rf2 Rxf2 40.
Kxf2 Kf6 41. g3 Ke5 42. Ke3 f6 43. Kd3 Rd4+ 44. Kc2 Re4 45. Kb3 Re2 46. Rh1 f4
47. gxf4+ Kxf4 48. Kxb4 f5 49. h4 Kg4 50. h5 Re7 51. Kc4 Rh7 52. h6 Kg5 53. Kd4
Rxh6 54. Rxh6 Kxh6 55. Ke3 Kg5 56. Kf3 f4 57. Kf2 Kg4 58. Kg2 f3+ 59. Kf2 Kf4
60. Kf1 Ke3 61. Ke1 f2+ 62. Kf1 Kf4 63. Kxf2 Ke4 64. Kg3 1/2-1/2

[Event "Game 2"]
[Site "http://www.queenalice.com/game.php?id=1293645"]
[Date "2014.7.9"]
[Round "-"]
[White "Franzel"]
[Black "Gabrielleao"]
[Result "0-1"]
[WhiteElo "1646"]
[BlackElo "1287"]

1. e4 e5 2. Nf3 Nc6 3. Bc4 Nf6 4. Ng5 d5 5. exd5 Na5 6. Bb5+ c6 7. dxc6 bxc6 8.
Qf3 Qb6 9. Ba4 Bg4 10. Qe3 Bd6 11. O-O O-O 12. Nc3 h6 13. Nge4 Nxe4 14. Qxe4 f5
15. Qe1 f4 16. d3 f3 17. Ne4 fxg2 18. Kxg2 Bf3+ 19. Kg1 Bc7 20. Bb3+ Nxb3 21.
axb3 c5 22. Be3 h5 23. Bxc5 Qg6+ 24. Ng3 h4 25. Bxf8 hxg3 26. hxg3 Qh5 27. Bxg7
Qh1# 0-1

[Event "Game3"]
[Site "http://www.queenalice.com/game.php?id=1293809"]
[Date "2014.7.10"]
[Round "-"]
[White "Gabrielleao"]
[Black "Franzel"]
[Result "1/2-1/2"]
[WhiteElo "1474"]
[BlackElo "1684"]

1. d4 Nf6 2. c4 e6 3. Nc3 Bb4 4. Qc2 O-O 5. a3 Bxc3+ 6. bxc3 c5 7. e3 b6 8. Nf3
Bb7 9. Be2 Qe7 10. a4 d6 11. O-O Na6 12. h3 Nc7 13. Nh2 Ne4 14. Bf3 f5 15. Ba3
Rf6 16. Rfd1 Raf8 17. Nf1 Ba8 18. Nd2 Nxd2 19. Qxd2 Bxf3 20. gxf3 Rh6 21. Kf1
Rxh3 22. Ke2 Qf6 23. Rh1 Rxh1 24. Rxh1 e5 25. d5 f4 26. Qd3 Qf5 27. e4 Qd7 28.
Qc2 Ne8 29. Qb3 Nf6 30. Bc1 h5 31. Qb5 Qxb5 32. cxb5 g5 33. c4 Kg7 34. Bd2 Kg6
35. a5 Rf7 36. axb6 axb6 37. Ra1 g4 38. Ra6 Rb7 39. Ra8 g3 40. fxg3 fxg3 41. Kf1
h4 42. Kg2 Rg7 43. Rd8 Ra7 44. Kh3 Ra2 45. Kxh4 Rxd2 46. Kxg3 Rc2 47. Rxd6 Rxc4
48. Rxb6 Kf7 49. Re6 Nd7 50. b6 Rb4 51. Rc6 Rxb6 52. Rxb6 Nxb6 53. f4 exf4+ 54.
Kxf4 c4 55. Ke3 Ke7 56. Kd4 Kf6 57. e5+ Kf5 1/2-1/2

[Event "Challenge"]
[Site "http://www.queenalice.com/game.php?id=1294321"]
[Date "2014.7.13"]
[Round "-"]
[White "recchdegomm1"]
[Black "Gabrielleao"]
[Result "0-1"]
[WhiteElo "1381"]
[BlackElo "1493"]

1. e4 e5 2. Nf3 Nc6 3. Bc4 Nf6 4. d3 Bc5 5. O-O O-O 6. a3 h6 7. Nc3 d6 8. Re1
Ng4 9. Qd2 Bxf2+ 10. Kf1 Bxe1 11. Qxe1 Be6 12. b4 Nd4 13. Qd2 Bxc4 14. dxc4 f5
15. Nxd4 exd4 16. Qxd4 fxe4+ 17. Kg1 Qh4 18. Qd5+ Kh8 19. Qxe4 Qf2+ 20. Kh1 Qf1#
0-1

[Event "Let's Play Chess!"]
[Site "http://www.queenalice.com/game.php?id=1295281"]
[Date "2014.7.17"]
[Round "-"]
[White "igorjava"]
[Black "Gabrielleao"]
[Result "0-1"]
[WhiteElo "1944"]
[BlackElo "1543"]

1. e4 Nf6 2. e5 Nd5 3. c4 Nb6 4. Nf3 Nc6 5. d4 d6 6. exd6 exd6 7. Be2 Bg4 8. O-O
Be7 9. b3 O-O 10. d5 Bf6 11. dxc6 Bxa1 12. cxb7 Rb8 13. h3 Bh5 14. Bg5 Bf6 15.
Be3 Rxb7 16. Nd4 Bxe2 17. Qxe2 c5 18. Nb5 a6 19. N5c3 Re7 20. Qd2 Rfe8 21. Nd5
Nxd5 22. cxd5 Qd7 23. Qd3 Qb5 24. Qd2 a5 25. Nc3 Qb4 26. Rc1 Bd4 27. Kf1 Bxe3
28. fxe3 Rxe3 29. Rc2 Qf4+ 30. Qf2 Re1# 0-1

[Event "Game 4"]
[Site "http://www.queenalice.com/game.php?id=1295540"]
[Date "2014.7.18"]
[Round "-"]
[White "Franzel"]
[Black "Gabrielleao"]
[Result "1-0"]
[WhiteElo "1787"]
[BlackElo "1517"]

1. c4 e5 2. Nc3 f5 3. e3 Nf6 4. g3 Bb4 5. Bg2 c6 6. Nge2 d6 7. a3 Bxc3 8. Nxc3
O-O 9. d3 f4 10. exf4 exf4 11. Bxf4 Re8+ 12. Kd2 Na6 13. b4 Qb6 14. Be3 c5 15.
Nd5 Nxd5 16. Bxd5+ Be6 17. Bxe6+ Rxe6 18. Qc2 Rf8 19. Rhe1 Qc6 20. f4 Rfe8 21.
b5 Qf3 22. Qd1 Qxd1+ 23. Raxd1 Nb8 24. Bf2 Nd7 25. Rxe6 Rxe6 26. Re1 Kf7 27.
Rxe6 Kxe6 28. d4 Kf5 29. dxc5 dxc5 30. Ke3 Nb6 31. Kf3 Nxc4 32. Bxc5 b6 33. g4+
Ke6 34. Bb4 Kd5 35. h4 Kd4 36. h5 g6 37. hxg6 hxg6 38. g5 Kd5 39. a4 Ke6 40. Ke4
Nb2 41. a5 Nd1 42. Kd4 Nf2 43. a6 Ng4 44. Bc5 1-0

[Event "Let's Play Chess!"]
[Site "http://www.queenalice.com/game.php?id=1296445"]
[Date "2014.7.22"]
[Round "-"]
[White "tucuman"]
[Black "Gabrielleao"]
[Result "1-0"]
[WhiteElo "1782"]
[BlackElo "1507"]

1. e4 e5 2. Nf3 Nc6 3. Nc3 Nf6 4. d3 Bb4 5. Bd2 d6 6. a3 Bxc3 7. Bxc3 O-O 8. h3
h6 9. Be2 Nh7 10. b4 f5 11. Nh2 fxe4 12. dxe4 Ng5 13. Qd3 Rf4 14. Bf3 Bxh3 15.
gxh3 Nxh3 16. Rf1 Qh4 17. Qe2 Raf8 18. O-O-O Ng5 19. Rh1 Nxe4 20. Be1 Nd4 21.
Qe3 Ng5 22. Rxd4 exd4 23. Qb3+ Kh8 24. Ng4 Rxf3 25. Rxh4 Rxb3 26. cxb3 Rf3 27.
Kb2 Ne6 28. Nh2 Rf5 29. Nf1 Nf4 30. Kc2 d5 31. Ng3 Re5 32. Rxf4 d3+ 33. Kd2 Re7
34. Rd4 c6 35. Rxd3 a6 36. f3 Rf7 37. Bf2 1-0

[Event "Game 5"]
[Site "http://www.queenalice.com/game.php?id=1296628"]
[Date "2014.7.22"]
[Round "-"]
[White "Gabrielleao"]
[Black "Franzel"]
[Result "0-1"]
[WhiteElo "1498"]
[BlackElo "1861"]

1. d4 Nf6 2. c4 e6 3. Nc3 c5 4. e3 d5 5. Nf3 dxc4 6. Bxc4 Be7 7. O-O O-O 8. Qc2
b6 9. Rd1 Nbd7 10. dxc5 Bxc5 11. Ne4 Qc7 12. b3 Bb7 13. Nxf6+ Nxf6 14. Bb2 Bxf3
15. gxf3 Qe7 16. Kh1 Rfd8 17. Bd3 Rac8 18. Bc3 h6 19. Qb2 Bd6 20. Rg1 Kh8 21.
Be4 e5 22. Rg2 Nxe4 23. fxe4 f6 24. Rag1 g5 25. f4 Rg8 26. f5 Bc5 27. Rg3 Qb7
28. Qc2 b5 29. Qb1 Qb6 30. Re1 Rgd8 31. Bb2 a5 32. Rh3 Kg7 33. Bc3 Rd6 34. Rg3
Rcd8 35. b4 axb4 36. Bxb4 Bxb4 37. Qxb4 Ra8 38. Qb1 Rd2 39. Rg2 Rxg2 40. Kxg2
Qc5 41. Re2 Ra7 42. Qb3 Rc7 43. Rd2 Qc4 44. Qxc4 bxc4 45. Rc2 Kf7 46. Kf1 Ke7
47. a4 Kd6 48. Ke2 Kc5 49. Kd2 Rd7+ 50. Ke2 Rd3 51. Rb2 c3 52. Rb5+ Kc4 53. Rb6
Rd2+ 54. Ke1 Rxh2 55. Rxf6 c2 56. Rc6+ Kd3 0-1

[Event "Challenge"]
[Site "http://www.queenalice.com/game.php?id=1297404"]
[Date "2014.7.26"]
[Round "-"]
[White "eduardocosta"]
[Black "Gabrielleao"]
[Result "0-1"]
[WhiteElo "1858"]
[BlackElo "1496"]

1. e3 e5 2. Be2 f5 3. Nf3 Nc6 4. Bb5 d6 5. d4 Bd7 6. dxe5 Nxe5 7. Bxd7+ Qxd7 8.
O-O O-O-O 9. Qd4 Nxf3+ 10. gxf3 Nf6 11. Qxa7 Qc6 12. Nc3 d5 13. Qa8+ Kd7 14. Qa4
g5 15. Qxc6+ bxc6 16. Ne2 h5 17. b3 g4 18. fxg4 hxg4 19. Nd4 Rh5 20. f3 Bd6 21.
fxg4 Nxg4 22. Nxf5 Bxh2+ 23. Kg2 Rg8 24. Kf3 Rxf5+ 25. Ke2 Rxf1 26. Kxf1 Ne5 27.
Bb2 Nf3 28. Ke2 Be5 29. Kxf3 Bxb2 30. Rb1 Bc3 31. a4 Bb4 32. Rb2 Kd6 33. Ra2 Ba5
34. Ke2 Ke5 35. Kd3 Rg2 36. Ra1 Rd2# 0-1

[Event "Challenge"]
[Site "http://www.queenalice.com/game.php?id=1297871"]
[Date "2014.7.29"]
[Round "-"]
[White "tucuman"]
[Black "Gabrielleao"]
[Result "0-1"]
[WhiteElo "1776"]
[BlackElo "1631"]

1. e4 e5 2. Nf3 Nc6 3. d3 Bc5 4. h3 Nge7 5. a3 O-O 6. Nc3 Bxf2+ 7. Kxf2 f5 8.
Be2 fxe4 9. dxe4 d6 10. Bd2 Nd4 11. Rf1 Be6 12. Kg1 c5 13. Nxd4 Rxf1+ 14. Qxf1
cxd4 15. Nd1 Qb6 16. Bd3 Rf8 17. Qe2 Ng6 18. b4 Nf4 19. Bxf4 Rxf4 20. Nb2 Rf8
21. Nc4 Qc7 22. Rf1 Rxf1+ 23. Qxf1 b5 24. Na5 Qb6 25. Bxb5 d3+ 26. Kh1 Qxb5 27.
cxd3 Qa4 28. Qc1 Qe8 29. Nc6 Qd7 30. b5 Bxh3 31. gxh3 Qxh3+ 32. Kg1 Qg3+ 33. Kf1
Qxd3+ 34. Ke1 Qxe4+ 35. Kd1 Qd3+ 36. Qd2 Qb1+ 37. Qc1 Qxb5 38. Ne7+ Kf7 39. Nc6
Qf1+ 40. Kc2 Qxc1+ 41. Kxc1 a6 42. a4 Ke6 43. a5 Kd5 44. Nb8 Kc5 45. Nxa6+ Kb5
46. Nc7+ Kxa5 47. Ne8 d5 48. Nxg7 Kb4 49. Kc2 Kc4 50. Nf5 d4 51. Kd2 h5 52. Nd6+
Kd5 53. Nf5 Ke4 54. Ng3+ Kf3 55. Nxh5 e4 56. Nf6 e3+ 57. Ke1 d3 58. Nd5 d2+ 59.
Kd1 e2+ 60. Kxd2 Kf2 0-1

[Event "Challenge"]
[Site "http://www.queenalice.com/game.php?id=1297872"]
[Date "2014.7.29"]
[Round "-"]
[White "tucuman"]
[Black "Gabrielleao"]
[Result "0-1"]
[WhiteElo "1627"]
[BlackElo "1543"]

1. e4 Nf6 2. e5 Nd5 3. d4 d6 4. Nf3 Bg4 5. h3 Bh5 6. Be2 e6 7. Bd2 Be7 8. Nc3
O-O 9. Nxd5 exd5 10. exd6 Bxd6 11. Be3 Nc6 12. a3 Re8 13. Qd2 Qd7 14. Nh2 Bg6
15. c3 Re7 16. O-O Rae8 17. Rae1 Na5 18. Qd1 f5 19. b4 Nc6 20. Nf3 f4 21. Bd2 a5
22. b5 Na7 23. a4 c6 24. bxc6 Qxc6 25. Kh1 b5 26. axb5 Nxb5 27. c4 dxc4 28. Bxa5
Na3 29. Bc3 Nc2 30. d5 Qc7 31. Nd4 Nxe1 32. Rxe1 Be5 33. Qd2 Bxd4 34. Bxd4 Bd3
35. Bxd3 Rxe1+ 36. Kh2 f3+ 37. g3 cxd3 38. Qxd3 Qc1 39. g4 Qf4# 0-1

[Event "Game 6"]
[Site "http://www.queenalice.com/game.php?id=1298213"]
[Date "2014.7.31"]
[Round "-"]
[White "Franzel"]
[Black "Gabrielleao"]
[Result "1-0"]
[WhiteElo "1952"]
[BlackElo "1543"]

1. e4 e5 2. Nf3 Nc6 3. d4 exd4 4. Bc4 Be7 5. O-O d6 6. Nxd4 Bd7 7. Nc3 Nf6 8.
Be3 Ne5 9. Bb3 Bg4 10. Qd2 O-O 11. h3 Bh5 12. f4 Nc6 13. Nxc6 bxc6 14. g4 Bxg4
15. hxg4 Nxg4 16. Rf3 Bf6 17. Bd4 Re8 18. Kg2 c5 19. Bxf6 Nxf6 20. Re1 Rb8 21.
Rd3 Qc8 22. f5 Qb7 23. Rg3 Nxe4 24. Rxe4 Rxe4 25. Bd5 Rd4 26. Qg5 1-0

[Event "Challenge"]
[Site "http://www.queenalice.com/game.php?id=1299174"]
[Date "2014.8.4"]
[Round "-"]
[White "Phsilva"]
[Black "Gabrielleao"]
[Result "0-1"]
[WhiteElo "1430"]
[BlackElo "1678"]

1. e4 e5 2. d3 Nc6 3. Nf3 Nf6 4. Nc3 Bb4 5. Bd2 d6 6. Be2 O-O 7. O-O Bxc3 8.
Bxc3 h6 9. d4 exd4 10. Bxd4 Nxe4 11. Bc4 Nxd4 12. Qxd4 Re8 13. Rae1 Nf6 14. a4
Be6 15. Bxe6 fxe6 16. Qc4 Qd7 17. Re2 Kh8 18. Rfe1 e5 19. b3 d5 20. Qc5 Ne4 21.
Qe3 Re7 22. c4 c6 23. Nh4 Qg4 24. g3 Qe6 25. Rd1 Ng5 26. cxd5 cxd5 27. Rde1 e4
28. Qd4 Rd8 29. f4 Nf7 30. b4 Nd6 31. Qxa7 Nf5 32. Nxf5 Qxf5 33. Rc2 e3 34. Qc5
Qe4 35. Rxe3 Qxe3+ 36. Qxe3 Rxe3 37. Kg2 d4 38. Rd2 d3 39. Kf2 Rde8 40. a5 Re2+
41. Rxe2 Rxe2+ 42. Kg1 d2 43. Kf1 Re1+ 44. Kg2 d1=Q 45. Kh3 Qe2 46. Kh4 Rh1 47.
h3 g6 48. g4 Qf2# 0-1

[Event "Challenge"]
[Site "http://www.queenalice.com/game.php?id=1299692"]
[Date "2014.8.5"]
[Round "-"]
[White "eduardocosta"]
[Black "Gabrielleao"]
[Result "0-1"]
[WhiteElo "1866"]
[BlackElo "1569"]

1. e3 e5 2. Be2 f5 3. Nf3 Nc6 4. Bb5 d6 5. Bxc6+ bxc6 6. b3 Nf6 7. Bb2 Be7 8. d4
e4 9. Nfd2 d5 10. c4 O-O 11. c5 Ba6 12. Nc3 Bd3 13. Na4 Ng4 14. Nf1 Rb8 15. Ng3
f4 16. exf4 Rxf4 17. Bc1 Rxf2 18. Qxg4 Rxg2 19. Bf4 Qc8 20. Qxc8+ Rxc8 21. Nc3
Bh4 22. Nd1 Re2+ 23. Kf1 Rxa2+ 24. Kg1 Rxa1 25. Kf2 Rf8 26. Ke3 g5 27. Bxc7 Rf3+
28. Kd2 Ra2+ 29. Kc3 Bc2+ 30. Kb4 Rxb3# 0-1

[Event "Game 7"]
[Site "http://www.queenalice.com/game.php?id=1300087"]
[Date "2014.8.7"]
[Round "-"]
[White "Gabrielleao"]
[Black "Franzel"]
[Result "0-1"]
[WhiteElo "1685"]
[BlackElo "2001"]

1. d4 f5 2. c4 Nf6 3. Nc3 e6 4. Nf3 Be7 5. e3 d5 6. Bd3 O-O 7. O-O a6 8. a3 dxc4
9. Bxc4 b5 10. Ba2 Nd5 11. Ne5 Bb7 12. f3 Nd7 13. Ne2 c5 14. e4 Nxe5 15. dxe5
fxe4 16. fxe4 Nc7 17. Nf4 Qxd1 18. Rxd1 c4 19. Rd7 Bc5+ 20. Kh1 Rac8 21. Bd2
Bxe4 22. Nh5 Rf2 23. Rxg7+ Kh8 24. Bh6 Ne8 25. Rg4 Bf5 26. Rg3 Rxb2 27. Nf6 Nxf6
28. exf6 Bf8 29. Bf4 Bg6 30. f7 Bg7 31. h4 Rxg2 32. Kxg2 Bxa1 0-1

[Event "Challenge"]
[Site "http://www.queenalice.com/game.php?id=1300285"]
[Date "2014.8.8"]
[Round "-"]
[White "tucuman"]
[Black "Gabrielleao"]
[Result "0-1"]
[WhiteElo "1779"]
[BlackElo "1656"]

1. e4 e5 2. Nf3 Nc6 3. d4 exd4 4. Bd3 d5 5. exd5 Qxd5 6. O-O Nf6 7. h3 Be7 8. a3
O-O 9. Bf4 Be6 10. Bxc7 Rac8 11. Bg3 Nh5 12. Bh2 Bg5 13. Nxg5 Qxg5 14. Kh1 Bd5
15. Qg4 Qxg4 16. hxg4 Nf6 17. f3 Rfe8 18. Nd2 Nd7 19. Ne4 Nce5 20. Ng5 Nxd3 21.
cxd3 Rc2 22. b4 Ree2 23. Rg1 Nf6 24. a4 Nxg4 25. Rac1 Nf2# 0-1

[Event "Challenge"]
[Site "http://www.queenalice.com/game.php?id=1300286"]
[Date "2014.8.8"]
[Round "-"]
[White "Gabrielleao"]
[Black "tucuman"]
[Result "1-0"]
[WhiteElo "1604"]
[BlackElo "1776"]

1. e4 e5 2. Nf3 d6 3. d4 exd4 4. Nxd4 Bd7 5. Nc3 Be7 6. Bc4 Nf6 7. O-O Nc6 8.
Be3 Nxd4 9. Bxd4 a6 10. f4 Bc6 11. e5 dxe5 12. fxe5 Nd5 13. e6 O-O 14. exf7+
Rxf7 15. Rxf7 Kxf7 16. Qh5+ Kg8 17. Nxd5 Bxd5 18. Bxd5+ Kh8 19. Rf1 Bf6 20. Rxf6
gxf6 21. Qf7 Qg8 22. Bxf6+ Qg7 23. Qxg7# 1-0

[Event "Challenge"]
[Site "http://www.queenalice.com/game.php?id=1301567"]
[Date "2014.8.14"]
[Round "-"]
[White "tucuman"]
[Black "Gabrielleao"]
[Result "1-0"]
[WhiteElo "1635"]
[BlackElo "1681"]

1. e4 e5 2. Nf3 Nc6 3. d3 Nf6 4. Nc3 Bb4 5. Bd2 O-O 6. a3 Ba5 7. Be2 d6 8. h3
Be6 9. b4 Bb6 10. Bg5 h6 11. Bxf6 Qxf6 12. Nd5 Bxd5 13. exd5 Nd4 14. Nxd4 1-0